00325nam a2200133Ia 4500008004100000020001800041041000800059082001000067100001400077245004400091260002900135300000800164999001900172230822s2007 xx 000 0 und d a1 84091 155 7 aeng a747.9 aSWEET FAY aHOME WORK ,SETTING UP AN OFFICE AT HOME bOCTOPUS PUBLISHINGc2007 a160 c857973d857973